Score 0/35 Timer 10:00
5 Plays Today
Hint Answer % Correct
Five Chakra NaturesFire Style
95.9%
Five Chakra NaturesWater Style
95.1%
Five Chakra NaturesWind Style
93.7%
Five Great Hidden VillagesHidden Leaf
92.8%
Five Chakra NaturesEarth Style
92.3%
KageHokage
90.6%
Dojutsu (Eyes)Sharingan
89.3%
Five Great Hidden VillagesHidden Sand
86.7%
Five Chakra NaturesLightning Style
84.6%
KageKazekage
83.1%
Dojutsu (Eyes)Byakugan
82%
Five Great Hidden VillagesHidden Mist
80.6%
KageRaikage
79.4%
Dojutsu (Eyes)Rinnegan
78.7%
KageMizukage
78.2%
Five Great Hidden VillagesHidden Cloud
68.9%
KageTsuchikage
67.9%
Five Great Hidden VillagesHidden Stone
65.1%
Hint Answer % Correct
Kekkai Genkai Chakra NaturesIce Release
54.6%
Kekkai Genkai Chakra NaturesLava Release
54.5%
Kekkai Genkai Chakra NaturesWood Release
53.4%
Dojutsu (Eyes)Mangekyou Sharingan
51%
Kekkai Touta Chakra NatureDust Release
38.5%
Dojutsu (Eyes)Tenseigan
35%
Kekkai Genkai Chakra NaturesCrystal Release
33.6%
Kekkai Genkai Chakra NaturesMagnet Release
30.5%
Kekkai Genkai Chakra NaturesGale Release
27.8%
Kekkai Genkai Chakra NaturesExplosion Release
27.6%
Kekkai Genkai Chakra NaturesBoil Release
25.9%
Kekkai Genkai Chakra NaturesScorch Release
25.4%
Kekkai Genkai Chakra NaturesMud Release
22.7%
Kekkai Genkai Chakra NaturesDark Release
18.8%
Dojutsu (Eyes)Ketsuryugan
18.4%
Kekkai Genkai Chakra NaturesSteel Release
16.4%
Kekkai Genkai Chakra NaturesSwift Release
14.5%
Remove Ads.
Support Sporcle.
Get the best of Sporcle when you Go Orange. This ad-free experience offers more features, more stats, and more fun while also helping to support Sporcle. Thank you for becoming a member.

You're not logged in!

Compare scores with friends on all Sporcle quizzes.
OR
Log In

Show Comments

Extras

Top Quizzes Today


Score Distribution

Your Account Isn't Verified!

In order to create a playlist on Sporcle, you need to verify the email address you used during registration. Go to your Sporcle Settings to finish the process.

Report this User

Report this user for behavior that violates our Community Guidelines.

Details: